Architecture and health : guiding principles for practice (Record no. 9595)

000 -LEADER
fixed length control field 00353nam a2200133 4500
003 - CONTROL NUMBER IDENTIFIER
control field OSt
005 - DATE AND TIME OF LATEST TRANSACTION
control field 20210705115400.0
008 - FIXED-LENGTH DATA ELEMENTS--GENERAL INFORMATION
fixed length control field 210705b ||||| |||| 00| 0 eng d
020 ## - INTERNATIONAL STANDARD BOOK NUMBER
International Standard Book Number 9780367075224
082 ## - DEWEY DECIMAL CLASSIFICATION NUMBER
Classification number 725.51
Item number WIL
100 ## - MAIN ENTRY--PERSONAL NAME
Personal name Wilhelm, Jacob J.; Battisto, Dina
245 ## - TITLE STATEMENT
Title Architecture and health : guiding principles for practice
942 ## - ADDED ENTRY ELEMENTS (KOHA)
Source of classification or shelving scheme
Holdings
Withdrawn status Lost status Source of classification or shelving scheme Damaged status Koha normalized classification for sorting Not for loan Permanent location Current location Date acquired Total Checkouts Total Renewals Full call number Barcode Date last seen Date last borrowed Price effective from Koha item type
        725_510000000000000_WIL   BMS College of Architecture, Design and Planning BMS College of Architecture, Design and Planning 2021-07-05 4 3 725.51 WIL AR-RD114 2023-05-03 2023-02-14 2021-07-05 R&D Books
Copyright © 2025, The Librarian, Library and Information Centre, BMSCA D&P, Bengaluru. All Rights Reserved
web counter

Powered by Koha